|
|
|
|
| LEADER |
00000nab a2200000 a 4500 |
| 001 |
vtls000317508 |
| 003 |
SK-MaSNL |
| 005 |
20260302225843.0 |
| 008 |
111201c1978 xo 0 slo |
| 015 |
|
|
|a SNBRB19rr/mm-uuuuu
|
| 035 |
|
|
|a CL0007600
|
| 040 |
|
|
|a SNKBUCL
|b slo
|c SNKBUCL
|e AACR2
|
| 041 |
0 |
|
|a slo
|
| 044 |
|
|
|a xo
|c SK
|
| 080 |
|
|
|a 796
|2 1981
|
| 100 |
1 |
|
|a Stráňai, Karol,
|d 1905-1999
|4 aut
|9 117339
|
| 245 |
1 |
0 |
|a Správnosť nastúpenej cesty
|c Karol Stráňai
|
| 650 |
0 |
7 |
|a telovýchova
|2 snkbucl
|9 1044
|
| 650 |
0 |
7 |
|a šport
|2 snkbucl
|9 1042
|
| 655 |
|
7 |
|a články z novín a časopisov
|2 snkbucl
|9 267496
|
| 773 |
0 |
|
|t Tréner
|g Roč. 22, č. 4 (1978), s. 145-146
|
| 850 |
|
|
|a Slovenská národná knižnica v Martine
|a MTA001
|
| 852 |
|
|
|a SNK
|b KIS3GCP
|
| 958 |
|
|
|a RK
|
| 992 |
|
|
|a RBX
|
| 999 |
|
|
|c 1531025
|d 1532955
|